Αυτισμός : (Record no. 9981)
[ view plain ]
| 000 -LEADER | |
|---|---|
| fixed length control field | 04106nam a22002537a 4500 |
| 003 - ΤΑΥΤΟΤΗΤΑ ΤΟΥ ΑΡΙΘΜΟΥ ΕΛΕΓΧΟΥ | |
| Πεδίο ελέγχου | GR-AtMCL |
| 005 - ΗΜΕΡΟΜΗΝΙΑ ΚΑΙ ΩΡΑ ΤΕΛΕΥΤΑΙΑΣ ΕΝΗΜΕΡΩΣΗΣ | |
| Πεδίο ελέγχου | 20251209115241.0 |
| 006 - FIXED-LENGTH DATA ELEMENTS--ADDITIONAL MATERIAL CHARACTERISTICS | |
| Πεδίο ελέγχου σταθερού μήκους | a|||||r||||||||||| |
| 008 - FIXED-LENGTH DATA ELEMENTS--GENERAL INFORMATION | |
| Πεδίο ελέγχου σταθερού μήκους | s2022 gr a 000 0 gre d |
| 020 ## - ISBN | |
| ISBN | 9789600124132 |
| 040 ## - ΠΗΓΗ ΚΑΤΑΛΟΓΟΓΡΑΦΗΣΗΣ | |
| Φορέας πρωτότυπης καταλογογράφησης | MC Athens Campus Library |
| Γλώσσα καταλογογράφησης | Ελληνικά, Μοντέρνα (1453-) |
| Modifying agency | MC Athens Campus Library |
| Κανόνες περιγραφικής καταλογογράφησης | AACR2 |
| 100 ## - MAIN ENTRY--PERSONAL NAME | |
| Personal name | Fletcher, Sue |
| 9 (RLIN) | 10170 |
| 240 10 - ΟΜΟΙΟΜΟΡΦΟΣ ΤΙΤΛΟΣ | |
| Ομοιόμορφος τίτλος | Autism: a new introduction to psychological theory and current debates . |
| Language of a work | Greek |
| 245 10 - ΤΙΤΛΟΣ ΚΑΙ ΔΗΛΩΣΗ ΥΠΕΥΘΥΝΟΤΗΤΑΣ | |
| Τίτλος | Αυτισμός : |
| Remainder of title | Μια νέα εισαγωγή στην ψυχολογική θεωρία και σύγχρονες απόψεις / |
| Statement of responsibility, etc. | Sue Fletcher ,Francesca Happe ; μετάφραση, εισαγωγή, επιμέλεια, γλωσσάρι, συμπληρωματική βιβλιογραφία, κλίμακες διάγνωσης και αξιολογήσης Δημήτρης Π. Στασινός. |
| 260 ## - PUBLICATION, DISTRIBUTION, ETC. | |
| Place of publication, distribution, etc. | Αθήνα : |
| Name of publisher, distributor, etc. | Gutenberg, |
| Date of publication, distribution, etc. | 2022. |
| 300 ## - PHYSICAL DESCRIPTION | |
| Extent | 314 σ. : |
| Διαστάσεις | 24 εκ. |
| 500 ## - GENERAL NOTE | |
| Γενική σημείωση | Μετάφραση του: Autism : a new introduction to psychological theory and current debates. |
| 520 ## - SUMMARY, ETC. | |
| Summary, etc. | Το βιβλίο των Sue Fletcher-Watson και Francesca Happe είναι μια αναθεωρημένη έκδοση και συνιστά ένα αξιοσημείωτο εγχείρημα που στοχεύει σε μια εύληπτη, απλή και περιεκτική εισαγωγή στην ψυχολογική θεωρία και στις σύγχρονες απόψεις που αφορούν τον χώρο της διαταραχής του αυτισμού. Στο οικείο εγχείρημα επισημαίνονται οι σημαντικές πρόοδοι και αντιπαραθέσεις που έχουν σημειωθεί στην ψυχολογική έρευνα για την εν λόγω διαταραχή. Το πλέον ενδιαφέρον και καινοτόμο στοιχείο που διέπει αυτή την έκδοση είναι η πρόταξη σε κάθε κεφάλαιο ορισμένων έξυπνων σκίτσων με λεζάντες που προϊδεάζουν τον αναγνώστη για το κείμενο που ακολουθεί, καθώς και η παράθεση εμπειριών και σχολίων αυτιστικών ατόμων στο τέλος κάθε κεφαλαίου. Η εστίαση του εγχειρήματος αυτού βρίσκεται περισσότερο στο γνωστικό επίπεδο ερμηνείας του αυτισμού, σε μια προσπάθεια κριτικής ανάλυσης της επίδρασης που η ψυχολογική έρευνα ασκεί στη ζωή των ατόμων με αυτισμό, στις οικογένειές τους και στην κοινότητά τους. Διανοίγεται έτσι ένα νέο πεδίο έρευνας στον χώρο αυτό με επίκεντρο την ακόμη νέα έννοια της νευροετερότητας (neurodiversity). Το παρόν βιβλίο συνιστά πράγματι ένα αξιοσημείωτο επίτευγμα, ενώ συνοδεύεται και από κριτικές επιφανών επιστημόνων στον οικείο χώρο και εκτιμάται ότι θα καταστεί ένα κλασικό βιβλίο για τον αυτισμό διανθισμένο με το απαράμιλλο στοιχείο της αμεσότητας. Πρόκειται για ένα ενδιαφέρον ανάγνωσμα για όλους εκείνους που μελετούν ή ζουν με αυτισμό και για όσους εργάζονται με αυτιστικά άτομα. Η έκδοση στην ελληνική γλώσσα αποτελεί σημαντική προσφορά στη σύγχρονη βιβλιογραφία για το φάσμα του αυτισμού. |
| 650 #0 - SUBJECT ADDED ENTRY--TOPICAL TERM | |
| Topical term or geographic name entry element | Ψυχολογία |
| 9 (RLIN) | 9898 |
| 650 #0 - SUBJECT ADDED ENTRY--TOPICAL TERM | |
| Topical term or geographic name entry element | Αυτισμός |
| 9 (RLIN) | 10171 |
| 700 1# - ΠΡΟΣΘΕΤΗ ΑΝΑΓΡΑΦΗ--ΦΥΣΙΚΟ ΠΡΟΣΩΠΟ | |
| Personal name | Happé, Francesca |
| 9 (RLIN) | 5407 |
| 942 ## - ADDED ENTRY ELEMENTS (KOHA) | |
| Koha item type | Books |
| Τύπος τεκμηρίου | Βιβλιοθήκη | Τρέχουσα τοποθεσία | Barcode | Αριθμός εισαγωγής | Ημερομηνία απόκτησης | Ταξιθετικό σύμβολο | Αριθμός αντιτύπου | Κατάσταση απόσυρσης | Κατάσταση χαμένου | Κατάσταση κατεστραμμένου | Μη δανεισμός | Σύνολο δανεισμών | Ημερομηνία τελευταίας εμφάνισης | Η τιμή ισχύει από |
|---|---|---|---|---|---|---|---|---|---|---|---|---|---|---|
| Books | MC Athens Campus Library | MC Athens Campus Library | 9780000099839 | 8181 | 09/12/2025 | 616.85882 FLE | 1 | 09/12/2025 | 09/12/2025 |